Pathophysiology of Headaches From Molecule to Man /

This book provides a detailed overview of the current state of knowledge regarding the pathophysiology of both primary headaches – migraine, tension-type headache (TTH), and cluster headache – and the very important and frequent type of secondary headache, medication overuse headache (MOH). After an...

Πλήρης περιγραφή

Λεπτομέρειες βιβλιογραφικής εγγραφής
Συγγραφή απο Οργανισμό/Αρχή: SpringerLink (Online service)
Άλλοι συγγραφείς: Ashina, Messoud (Επιμελητής έκδοσης), Geppetti, Pierangelo (Επιμελητής έκδοσης)
Μορφή: Ηλεκτρονική πηγή Ηλ. βιβλίο
Γλώσσα:English
Έκδοση: Cham : Springer International Publishing : Imprint: Springer, 2015.
Σειρά:Headache,
Θέματα:
Διαθέσιμο Online:Full Text via HEAL-Link
LEADER 03766nam a22005175i 4500
001 978-3-319-15621-7
003 DE-He213
005 20151126141934.0
007 cr nn 008mamaa
008 150414s2015 gw | s |||| 0|eng d
020 |a 9783319156217  |9 978-3-319-15621-7 
024 7 |a 10.1007/978-3-319-15621-7  |2 doi 
040 |d GrThAP 
050 4 |a RC1-1245 
072 7 |a MJ  |2 bicssc 
072 7 |a MED045000  |2 bisacsh 
082 0 4 |a 616  |2 23 
245 1 0 |a Pathophysiology of Headaches  |h [electronic resource] :  |b From Molecule to Man /  |c edited by Messoud Ashina, Pierangelo Geppetti. 
264 1 |a Cham :  |b Springer International Publishing :  |b Imprint: Springer,  |c 2015. 
300 |a X, 272 p. 10 illus., 8 illus. in color.  |b online resource. 
336 |a text  |b txt  |2 rdacontent 
337 |a computer  |b c  |2 rdamedia 
338 |a online resource  |b cr  |2 rdacarrier 
347 |a text file  |b PDF  |2 rda 
490 1 |a Headache,  |x 2197-652X 
505 0 |a 1 Anatomy of headache -- 2 Animal models of migraine -- 3 Animal models of other primary headaches -- 4 Genetics of headache -- 5 Human models of primary headaches -- 6 Imaging of migraine -- 7 Imaging of other primary headaches -- 8 Neurophysiology of migraine -- 9 Neurophysiology of other primary headaches -- 10 Biochemistry of primary headaches -- 11 Pathophysiology of migraine: current status and future directions -- 12 Pathophysiology of TTH: current status and future directions -- 13 Pathophysiology of cluster headache: current status and future directions -- 14 Pathophysiology of MOH: current status and future directions. 
520 |a This book provides a detailed overview of the current state of knowledge regarding the pathophysiology of both primary headaches – migraine, tension-type headache (TTH), and cluster headache – and the very important and frequent type of secondary headache, medication overuse headache (MOH). After an introductory chapter describing relevant neuroanatomy and vascular anatomy, the evidence gained from animal models regarding the pathophysiology of migraine and the other primary headaches is reviewed. Knowledge of the genetic component in the different types of headache is then examined with reference to recent evidence, for example regarding the implication of the trigeminovascular system and cortical spreading depression in migraine. Detailed information is provided on insights into primary headaches from imaging studies, including functional magnetic resonance imaging and positron emission tomography and on their neurophysiology and biochemistry. A further series of important chapters describe present knowledge of the pathophysiology of each specific type of headache and consider future directions. Written by acknowledged experts in their fields from Europe and the United States, clinicians and students will find Pathophysiology of Headaches to be an excellent source of up-to-date information on why patients experience headaches. In addition, it will be of value for pain researchers investigating the underlying mechanisms of headache. 
650 0 |a Medicine. 
650 0 |a Internal medicine. 
650 0 |a Neurology. 
650 0 |a Pain medicine. 
650 0 |a Neurobiology. 
650 1 4 |a Medicine & Public Health. 
650 2 4 |a Internal Medicine. 
650 2 4 |a Neurology. 
650 2 4 |a Neurobiology. 
650 2 4 |a Pain Medicine. 
700 1 |a Ashina, Messoud.  |e editor. 
700 1 |a Geppetti, Pierangelo.  |e editor. 
710 2 |a SpringerLink (Online service) 
773 0 |t Springer eBooks 
776 0 8 |i Printed edition:  |z 9783319156200 
830 0 |a Headache,  |x 2197-652X 
856 4 0 |u http://dx.doi.org/10.1007/978-3-319-15621-7  |z Full Text via HEAL-Link 
912 |a ZDB-2-SME 
950 |a Medicine (Springer-11650)